Housing repair cost guide 2009 (Record no. 109692)

MARC details
000 -LEADER
fixed length control field 01169cam a22002775a 4500
001 - CONTROL NUMBER
control field L147703
008 - FIXED-LENGTH DATA ELEMENTS--GENERAL INFORMATION
fixed length control field 090605s2009 xxk f 000 0 eng u
020 ## - INTERNATIONAL STANDARD BOOK NUMBER
International Standard Book Number 9781904829928
035 ## - SYSTEM CONTROL NUMBER
System control number (Sirsi) u147703
041 0# - LANGUAGE CODE
Language code of text/sound track or separate title eng
050 04 - LIBRARY OF CONGRESS CALL NUMBER
Classification number 692.5 $2 18
110 2# - MAIN ENTRY--CORPORATE NAME
Corporate name or jurisdiction name as entry element Building Cost Information Service
9 (RLIN) 1096
245 00 - TITLE STATEMENT
Title Housing repair cost guide 2009
250 ## - EDITION STATEMENT
Edition statement 3rd ed.
260 ## - PUBLICATION, DISTRIBUTION, ETC.
Place of publication, distribution, etc. London
Name of publisher, distributor, etc. BCIS
Date of publication, distribution, etc. 2009
300 ## - PHYSICAL DESCRIPTION
Extent 496p.
Other physical details spiral bound
Dimensions 30cm
350 ## - PRICE (NR) (BK AM CF MU VM SE) [OBSOLETE]
Price 99
505 2# - FORMATTED CONTENTS NOTE
Formatted contents note Introduction -- E: outside of the property -- F: inside of the property -- G: services -- H: grounds -- Supplementary pricing information -- Addenda
520 ## - SUMMARY, ETC.
Summary, etc. Aims to provide surveyors with an independent source of information on how much typical defects identified in a residential survey will cost to remedy. Designed for ease of use when carrying out surveys, with the works categorised in accordance with the new RICS HomeBuyer Report, due for publication in summer 2009.
521 ## - TARGET AUDIENCE NOTE
Target audience note Advanced
590 ## - LOCAL NOTE (RLIN)
Local note KA NTK
651 #4 - SUBJECT ADDED ENTRY--GEOGRAPHIC NAME
Geographic name United Kingdom
Chronological subdivision
690 ## - LOCAL SUBJECT ADDED ENTRY--TOPICAL TERM (OCLC, RLIN)
Topical term or geographic name as entry element BUILT ENVIRONMENT-BUILDING MAINTENANCE AND REFURBISHMENT-MAINTENANCE COSTS
942 ## - ADDED ENTRY ELEMENTS (KOHA)
Suppress in OPAC 0
Holdings
Withdrawn status Lost status Source of classification or shelving scheme Damaged status Not for loan Home library Current library Shelving location Date acquired Total Checkouts Full call number Barcode Date last seen Copy number Price effective from Koha item type Date last checked out
    Dewey Decimal Classification     London London Folio 06/07/2009   F692.5 BUI 30074965 06/08/2019 1 06/08/2019 Reference material  
    Dewey Decimal Classification     London London Folio 06/07/2009 1 F692.5 BUI 30074961 06/08/2019 3 06/08/2019 Book 06/07/2009
    Dewey Decimal Classification     London London RICS Boxes 07/06/2011   RICS 2009/51 30076888 06/08/2019 1 06/08/2019 Archive